| 000 | 00715nam a2200265Ia 4500 | ||
|---|---|---|---|
| 008 | 180523s9999 xx 000 0 und d | ||
| 020 | _a978-981-4581-13-4 | ||
| 050 | _aMAIN HD 69.P75 | ||
| 050 | _b.L37 2014 | ||
| 100 | _aLarson, Erik W. | ||
| 245 | 0 | _aProject management : | |
| 245 | 4 | _bthe managerial process / | |
| 245 | 0 | _cErik W. Larson, Clifford F. Gray. | |
| 250 | _a5th Editon | ||
| 260 | _aNew York : | ||
| 260 | _bMcGraw-Hill, | ||
| 260 | _c2014 | ||
| 300 | _a671 pages : | ||
| 300 | _billustrations ; | ||
| 300 | _c26 cm. | ||
| 500 | _aIncludes bibliographical references and index. | ||
| 650 | _aProject management. | ||
| 650 | _aRisk management. | ||
| 650 | _xTime management. | ||
| 999 |
_c356972 _d356972 |
||